[Event "Yingmei Cup CHN-chT 2017"]
[Site "Guangdong"]
[Date "2017.12.02"]
[Round "19"]
[White "Ding, Liren"]
[Black "Zhou, Jianchao"]
[Result "1/2-1/2"]
[WhiteElo "2772"]
[BlackElo "2592"]
[Annotator "TA"]
[PlyCount "97"]
[EventDate "2017.??.??"]
[EventCountry "CHN"]
[SourceTitle "playchess.com"]
[Source "ChessBase"]
[SourceQuality "1"]

{[%evp 24,97,58,33,49,44,55,23,20,22,106,107,88,110,108,103,123,122,121,125,125,120,134,135,116,90,108,80,166,164,166,154,152,155,163,54,83,-27,-30,-56,-57,-81,-87,-91,-82,-81,-69,-91,-87,-104,-45,-57,-58,-128,-39,-56,-41,-56,0,0,0,0,0,0,0,0,0,0,0,0,0,0,0,0,0,0]} 1. e4 c5 2. Nf3 d6 3. d4 cxd4 4. Nxd4 Nf6 5. Nc3 a6 6. Bg5 Nbd7 7. Qe2 Qc7 8. O-O-O e6 9. f4 b5 10. a3 {B96: Sicilian Najdorf: 6 Bg5 e6 7 f4, lines other than 7...Qb6 and 7...Be7} Be7 11. g4 Rb8 12. Bg2 h6 13. Bh4 $1 {LiveBook: 5 Games} Bb7 14. Rhe1 {[#]} Qc4 $146 ({Predecessor:} 14... Nb6 15. Bxf6 Bxf6 16. e5 dxe5 17. Ndxb5 axb5 18. Nxb5 {1-0 (44) Wei,Y (2706)-Zhou,J (2578) China 2015}) 15. e5 (15. Qxc4 {with more complications.} bxc4 16. h3 Nc5 17. f5 Nfd7 18. Nf3) 15... dxe5 $1 16. fxe5 Qxe2 (16... Nd5 $1 $11 17. Bxe7 Nxe7) 17. Rxe2 $16 Ng8 18. Bxb7 Rxb7 19. Ne4 $1 Rc7 20. Bg3 Nc5 21. Nd6+ Bxd6 22. exd6 Rd7 23. Re5 Nb7 24. a4 bxa4 25. c4 {[%cal Bc2c4,Bc4c5,Bc5c6][%mdl 32] Black must now prevent c5.} Rxd6 (25... Nf6 $16) 26. c5 $18 Rd8 27. c6 {[%mdl 1024] White has strong compensation.} Rc8 {And now ...Ne7 would win.} 28. Kb1 $1 Nd8 29. Rc1 (29. Nf5 $1 $18 {[%cal Rf5d6]} Rxc6 30. Nxg7+ Kf8 31. Nh5) 29... Ne7 {[%cal Rd8c6]} 30. Rec5 ({White must play} 30. c7 $16) 30... f6 $11 31. c7 Nb7 32. Nxe6 {[#] R5c4 is the strong threat.} Kf7 $1 33. Nd4 {aiming for R5c4.} Nxc5 34. Rxc5 g6 35. h4 h5 36. g5 Rhf8 (36... fxg5 $17 37. Rxg5 {[#]} Nf5 $1 {[%mdl 512]} 38. Nxf5 gxf5 39. Rxf5+ Ke6) 37. gxf6 $15 Kxf6 38. Ka2 (38. Ra5 $15) 38... Kf7 ({Black should try} 38... Nf5 $17 39. Be5+ Ke7) 39. Ka3 Ke8 40. Kxa4 Nf5 (40... Kd7 $15) 41. Nxf5 $11 {The position is equal.} Rxf5 42. Rxf5 gxf5 {[%mdl 4096] Endgame KR-KB} 43. Ka5 Kd7 44. Kb6 Rg8 45. Kb7 a5 46. b3 Rc8 47. Bf4 Re8 48. Bg3 Rc8 49. Bf4 {Precision: White = 57%, Black = 52%.} 1/2-1/2

[Event "Yingmei Cup CHN-chT 2017"]
[Site "Guangdong"]
[Date "2017.12.02"]
[Round "19"]
[White "Bu, Xiangzhi"]
[Black "Wan, Yunguo"]
[Result "1-0"]
[WhiteElo "2730"]
[BlackElo "2491"]
[Annotator "TA"]
[PlyCount "99"]
[EventDate "2017.??.??"]
[EventCountry "CHN"]
[SourceTitle "playchess.com"]
[Source "ChessBase"]
[SourceQuality "1"]

{[%evp 21,99,-6,41,24,44,44,48,43,31,43,82,73,97,92,129,132,132,125,138,134,137,137,133,139,137,127,309,272,268,268,247,249,409,266,343,343,324,313,348,350,337,327,442,433,464,457,437,435,556,537,646,647,581,537,575,571,572,556,595,550,538,286,287,287,287,283,282,281,323,314,459,395,385,373,530,539,599,575,534,516]} 1. c4 Nf6 2. Nc3 e5 3. g3 d5 4. cxd5 Nxd5 5. Bg2 Nb6 6. d3 Be7 7. a4 a5 8. Nf3 Nc6 9. O-O O-O 10. Be3 Re8 11. Rc1 Bf8 {LiveBook: 21 Partien} 12. d4 {A29: Englische Eröffnung (Vierspringer-Variante)} (12. Nb5 Nd5 13. Bc5 Bxc5 14. Rxc5 Ndb4 15. Qc1 Bg4 16. h3 Bh5 17. Rd1 Qe7 18. d4 Bxf3 19. Bxf3 exd4 20. Nxd4 {½-½ (30) Mamedov,R (2640)-Bacrot,E (2713) Moscow 2010}) 12... exd4 13. Nxd4 {[#]} Nxd4 $146 ({Vorgänger:} 13... Rxe3 14. fxe3 Ne5 15. Nf3 Ned7 16. Ne5 Qe7 17. Nxf7 Nc5 18. Nd5 Nxd5 19. Bxd5 Be6 20. Rxc5 Qxc5 21. Bxe6 Qxe3+ {½-½ (57) Altounian,L (2427)-Wojtkiewicz,A (2543) Las Vegas 2003}) 14. Qxd4 {Weiß steht etwas besser.} Qxd4 15. Bxd4 {Droht Sb5 und aus.} c5 16. Be3 Bd7 17. Nb5 Nxa4 18. Nc7 Rxe3 19. fxe3 {[%cal Bf2e3,Be3e4][%mdl 32]} Rc8 20. Bd5 Rxc7 21. Rxf7 Bc6 22. Rxc7+ Bxd5 {[#]} 23. e4 $1 {[%mdl 512]} Be6 $2 (23... Bxe4 $16 24. Rd7 (24. Rc4 Bc6 $16) 24... Nb6) 24. Rxb7 c4 25. Rd1 Nc5 26. Rb8 g6 $2 (26... Nd7 27. Rd8 Ne5) 27. Rd6 Bh3 28. Rdd8 Ne6 29. Rd7 a4 30. Kf2 Nc5 31. Ra7 Be6 32. Ke3 Bf7 33. Raa8 Ne6 34. Rxa4 Nc5 35. Ra7 Kg7 36. e5 Ne6 {[#] Droht stark ...Lc5+.} 37. Ke4 Bc5 38. Rxf7+ Kxf7 39. Kd5 Be7 40. Kxc4 Nc5 41. Kd5 Na6 42. Rb6 Nb4+ 43. Kd4 Nc2+ 44. Ke4 Nb4 45. g4 h5 (45... Ke8 $142 46. e6 Kd8) 46. gxh5 gxh5 47. Kf5 Nd5 (47... Nc2 {war angesagt.} 48. e6+ Kf8 49. Rb8+ Kg7) 48. e6+ $18 {Weiß steht klar auf Gewinn.} Kg7 49. Rb7 {Schwarz muss nun Ke5 beachten.} Kf8 50. e4 {Precision: Weiß = 83%, Schwarz = 39%.} 1-0

[Event "Yingmei Cup CHN-chT 2017"]
[Site "Guangdong"]
[Date "2017.12.02"]
[Round "19"]
[White "Cheparinov, Ivan"]
[Black "Bai, Jinshi"]
[Result "1/2-1/2"]
[WhiteElo "2710"]
[BlackElo "2553"]
[Annotator "TA"]
[PlyCount "91"]
[EventDate "2017.??.??"]
[EventCountry "CHN"]
[SourceTitle "playchess.com"]
[Source "ChessBase"]
[SourceQuality "1"]

{[%evp 18,91,34,32,33,5,5,11,12,5,7,0,16,12,14,11,4,0,-8,-6,0,0,0,0,0,-23,-28,-25,-7,-52,-44,-48,-4,-4,-10,-9,-2,-3,-2,-5,0,0,0,0,-8,-8,8,7,8,8,8,8,28,0,0,0,0,0,0,0,0,0,0,0,0,0,0,0,0,0,0,0,0,-8,0,-8]} 1. d4 Nf6 2. c4 g6 3. f3 c5 4. d5 d6 5. e4 Bg7 6. Nc3 e6 {E80: King's Indian: Sämisch: Lines without early ...0-0} 7. Nge2 exd5 (7... O-O 8. Ng3 a6 9. a4 h5 10. Bg5 Qc7 11. Qd2 exd5 12. cxd5 Nh7 13. Bh6 h4 14. Bxg7 Kxg7 15. Bc4 hxg3 16. hxg3 {1-0 (26) Aronian,L (2799)-Vachier Lagrave,M (2804) Tbilisi 2017}) 8. cxd5 Nbd7 9. Ng3 h5 10. Be2 {LiveBook: 3 Games} Nh7 11. Be3 h4 $146 12. Nf1 O-O 13. Nd2 f5 14. exf5 Qe7 15. Bf2 ({Resist} 15. fxg6 $6 Qxe3 16. gxh7+ Kh8 $14) 15... Ne5 {[#] aiming for ...Nd3+.} 16. O-O {Threatens to win with f4.} g5 17. Nc4 Bxf5 18. Qd2 Nxc4 19. Bxc4 Be5 20. Rae1 Qg7 21. Re2 Rae8 22. Rfe1 h3 23. Nb5 Bf4 24. Qc3 $1 Qxc3 25. Nxc3 Rxe2 26. Nxe2 Be5 27. Bg3 $132 {[%mdl 2048] White is fighting back} Re8 28. Nc3 Bd4+ 29. Kf1 Rxe1+ 30. Bxe1 hxg2+ 31. Kxg2 Be5 32. Bg3 {Threatening Nb5.} Bxg3 33. Kxg3 $11 {[%mdl 4096] Endgame Black must now prevent f4. KBN-KBN} a6 34. f4 Kf7 35. fxg5 Nxg5 {The position is equal.} 36. Kf4 Kf6 37. h4 Nh3+ 38. Kg3 {[#] Bf1 is the strong threat.} Ke5 39. a4 $1 Nf4 40. a5 Nh5+ 41. Kf3 Nf6 42. Ke3 Ng4+ 43. Kf3 Nf6 44. Ke3 Ng4+ 45. Kd2 Nf6 46. Ke3 {Precision: White = 77%, Black = 72%.} 1/2-1/2

[Event "Yingmei Cup CHN-chT 2017"]
[Site "Guangdong"]
[Date "2017.12.02"]
[Round "19"]
[White "Rapport, Richard"]
[Black "Fang, Yan"]
[Result "1-0"]
[WhiteElo "2707"]
[BlackElo "2422"]
[Annotator "TA"]
[PlyCount "69"]
[EventDate "2017.??.??"]
[EventCountry "CHN"]
[SourceTitle "playchess.com"]
[Source "ChessBase"]
[SourceQuality "1"]

{[%evp 16,69,52,54,71,78,71,47,38,30,72,73,101,77,90,88,93,92,65,98,107,79,81,67,83,84,88,78,91,93,152,105,167,158,187,184,169,191,177,169,455,460,442,310,318,316,299,297,301,271,275,270,352,313,425,416]} 1. d4 Nf6 2. c4 e6 3. Nc3 d5 4. cxd5 exd5 5. Bg5 Nbd7 6. e3 c6 7. Qc2 Bd6 8. Bd3 Nf8 {D36: Queen's Gambit Declined: Exchange Variation: Main line (5 Bg5 c6 6 Qc2)} 9. O-O-O {LiveBook: 5 Games} Bd7 $146 ({Predecessor:} 9... Ng6 10. e4 Bf4+ 11. Bxf4 Nxf4 12. e5 Nxd3+ 13. Qxd3 Ne4 14. Nxe4 dxe4 15. Qg3 O-O 16. Ne2 {0-1 (50) Berzinsh,R (2444)-Stauskas,L (2372) Panevezys 2017}) 10. Nf3 Bg4 {White is better.} 11. Kb1 Ne6 {[#] Strongly threatening ...Bxf3.} 12. Bh4 g5 13. Bg3 Qc7 14. Rc1 Bxf3 15. gxf3 Bxg3 16. hxg3 h5 17. Qa4 Qd6 18. Bf5 Nd7 {[%cal Bf6d7,Bd7b6,Bb6c4][%mdl 32]} 19. f4 gxf4 20. gxf4 Nb6 21. Qb3 Nc4 22. Ka1 b5 (22... O-O-O $142) 23. Bd3 a5 (23... h4 $16 {was called for.}) 24. Qd1 $18 h4 {[#]} 25. Qg4 $1 Qb4 {[%csl Gc4][%cal Rb4b2]} 26. Bxc4 bxc4 27. f5 Nf8 $2 (27... Nc7 28. Rxh4 O-O-O) 28. e4 O-O-O 29. Rxh4 Rxh4 30. Qxh4 dxe4 31. Qxe4 ({Resist} 31. Nxe4 Rxd4 32. Qf6 Qb6 $18) 31... Qd6 32. Na4 Nd7 33. Rxc4 Kc7 34. Nc3 {Nb5+ is the strong threat.} Rb8 35. a3 {Precision: White = 76%, Black = 47%.} 1-0

[Event "Yingmei Cup CHN-chT 2017"]
[Site "Guangdong"]
[Date "2017.12.02"]
[Round "19"]
[White "Wang, Hao"]
[Black "Yu, Yangyi"]
[Result "1/2-1/2"]
[WhiteElo "2706"]
[BlackElo "2743"]
[Annotator "TA"]
[PlyCount "219"]
[EventDate "2017.??.??"]
[EventCountry "CHN"]
[SourceTitle "playchess.com"]
[Source "ChessBase"]
[SourceQuality "1"]

{[%evp 33,219,38,30,12,34,22,34,34,22,0,21,0,0,0,11,8,14,29,15,15,93,93,93,93,93,97,116,116,137,137,140,130,138,133,128,128,122,120,138,98,109,57,58,52,57,6,27,27,27,27,35,-8,8,8,8,8,8,11,274,226,320,301,362,349,614,461,625,553,527,322,319,314,341,345,742,742,710,658,602,475,467,443,1115,947,595,591,564,534,308,0,0,0,0,0,0,0,0,0,0,0,0,0,0,0,0,0,0,0,0,0,0,0,4,0,4,0,4,4,8,0,0,0,0,0,0,0,0,0,0,0,0,0,0,0,0,0,0,0,0,0,0,0,0,0,0,0,0,0,0,0,8,0,8,0,0,0,8,0,8,0,8,0,0,0,0,0,0,0,8,0,0,0,8,0,0,0,0,0,0,0,0,0,0,0,8,0,0,0]} 1. e4 c5 2. Nf3 Nc6 3. d4 cxd4 4. Nxd4 Nf6 5. Nc3 e5 6. Ndb5 d6 7. Bg5 a6 8. Na3 b5 9. Bxf6 gxf6 10. Nd5 f5 11. c3 Bg7 12. exf5 Bxf5 13. Nc2 {[%cal Ba3c2,Bc2e3,Be3d5,Bd5f4][%mdl 32]} O-O 14. Nce3 Be6 15. Bd3 f5 16. O-O Ra7 17. a4 Ne7 {LiveBook: 80 Games. B33: Sicilian: Pelikan and Sveshnikov Variations} 18. Bc2 {[#] Strongly threatening axb5.} (18. Nxe7+ Rxe7 19. axb5 axb5 20. Bxb5 d5 21. Ra6 Kh8 22. Qa4 f4 23. Nc2 {½-½ (23) Valutanu,M (2645)-Cruzado Duenas,C (2602) ICCF email 2011}) 18... Nxd5 19. Nxd5 bxa4 20. Rxa4 Kh8 21. Qd2 e4 $146 ({Predecessor:} 21... a5 22. Rd1 Rb7 23. b3 Bd7 24. Ra2 Rb5 25. c4 {½-½ (40) Wedberg,T (2487)-Von Bahr,O (2240) Stockholm 1999}) 22. Rfa1 a5 23. Nf4 Bf7 24. Ne2 Be8 25. R4a3 Rb7 26. Nd4 {Threatens to win with Ne6.} Bxd4 (26... Qc8 $11) 27. Qxd4+ $16 Qf6 28. Qxf6+ (28. Rxa5 $6 Qxd4 29. cxd4 Rxb2 $11) 28... Rxf6 29. Rb3 (29. Rxa5 $6 Rxb2 30. R1a2 Rxa2 $11) 29... Re7 30. Rxa5 Kg7 31. Rb4 Bf7 32. Kf1 d5 33. Bb3 Rd7 34. Rbb5 {[%cal Rb3d5]} Rfd6 35. g3 Kg6 36. Ba2 f4 37. gxf4 (37. b4 $16) 37... Kf5 $14 38. c4 Kxf4 39. c5 (39. cxd5 $14 Bh5 40. Ke1) 39... Rh6 40. Rb6 Be6 41. c6 $36 {[%mdl 2048] White fights for an advantage.} Rc7 42. Rc5 Rxh2 {Hoping for ...Rh1+.} 43. Rb7 Rc8 44. Re7 Rh1+ 45. Ke2 Bg4+ $2 {[%mdl 8192]} (45... Rb8 $11 {and Black stays safe.} 46. Rb7 Rc8) 46. Kd2 $18 Rd1+ (46... h5 $142 47. Rf7+ (47. Bxd5 Rd1+ 48. Kc3 Rxd5 $18) 47... Kg5 48. Bxd5 Rd1+ 49. Ke3 Re1+ 50. Kd4 Rd1+ 51. Kc4 Kg6) 47. Kc2 h5 48. c7 ({Less strong is} 48. Bxd5 Rxd5 49. Rxd5 Rxc6+ 50. Kd2 Rf6 $18) 48... Rd4 $2 (48... Kf5 49. Rg7 (49. Rxd5+ Kf6 $11) 49... Rd4) 49. Bxd5 Kf3 50. Bb7 Rf8 51. c8=Q Bxc8 52. Bxc8 ({And not} 52. Rxc8 Rxc8+ 53. Bxc8 Rc4+ 54. Kd2 Rxc8 $11) 52... Kxf2 53. Bb7 Ke3 $2 (53... h4 54. Bxe4 h3) 54. Rxh5 Rf2+ 55. Kb3 Rf3 {( -> ...Kd2+)} 56. Rc5 Kd2+ 57. Rc3 Rxc3+ (57... Rf4 $142 58. Rh7 Rd3 59. Rxd3+ Kxd3 60. Rd7+ Ke3) 58. bxc3 {[%mdl 4096] Endgame KRB-KR} Rd3 59. Rc7 e3 {[#]} 60. Bf3 $1 Rd8 61. c4 $2 (61. Kb4 $18) 61... Rb8+ $1 $11 {The position is equal.} 62. Ka4 {aiming for c5.} Rf8 63. Bh5 Rf5 64. Bg6 e2 {...Re5 is the strong threat.} 65. Rd7+ Kc3 66. Re7 Rg5 67. Rxe2 (67. Bf7 {looks sharper.} Kd2 68. Kb4 Rg7 69. Rd7+ Kc1 70. Re7) 67... Kxc4 68. Bf7+ Kc3 69. Re3+ Kd4 70. Re8 Rg7 71. Be6 Rb7 72. Rd8+ Kc3 73. Bd7 Rb1 74. Ka5 Rb2 75. Bb5 Rd2 76. Rc8+ Kd4 77. Kb6 Ke5 78. Kc5 Rd5+ 79. Kc4 {Black must now prevent Re8+.} Rd4+ (79... Rd1 {is interesting.} 80. Kc5 Rc1+ 81. Bc4 Rc2 82. Rg8 Kf4) 80. Kc3 {Threatening mate with Re8+.} Rd6 81. Bc4 Ke4 82. Re8+ Kf4 83. Bd3 Rc6+ 84. Kd4 Rd6+ 85. Kc4 Rd7 86. Be4 Ra7 87. Bd5 Ra1 88. Kc5 Rc1+ 89. Kd6 Rd1 90. Rf8+ Ke3 91. Ke5 Rd3 92. Be4 {White wants to mate with Rf3+.} Rc3 93. Rh8 Rc5+ 94. Bd5 Rc3 95. Rh4 Rd3 96. Bc4 {Intending Rh3+ and mate.} Rc3 97. Rg4 Kf3 98. Kf5 Rc1 99. Bd5+ Ke3 100. Ke5 Rc3 101. Re4+ Kd2 102. Rh4 Ke3 103. Bc4 Kf2 104. Kd4 Ra3 105. Rh8 Ra1 106. Rf8+ Kg3 107. Ke3 Kg4 108. Bd3 Ra5 109. Rf1 Kg5 110. Ke4 {Precision: White = 53%, Black = 55%.} 1/2-1/2

[Event "Yingmei Cup CHN-chT 2017"]
[Site "Guangdong"]
[Date "2017.12.02"]
[Round "19"]
[White "Wang, Yue"]
[Black "Ma, Qun"]
[Result "1/2-1/2"]
[WhiteElo "2689"]
[BlackElo "2636"]
[Annotator "TA"]
[PlyCount "107"]
[EventDate "2017.??.??"]
[EventCountry "CHN"]
[SourceTitle "playchess.com"]
[Source "ChessBase"]
[SourceQuality "1"]

{[%evp 26,107,18,13,18,8,15,16,28,0,0,0,15,9,10,18,25,8,8,8,39,57,27,11,21,0,0,0,0,0,0,0,11,14,37,47,33,50,45,39,45,60,50,35,59,44,87,83,88,84,139,96,102,108,93,56,56,59,65,63,153,159,164,8,243,59,59,8,8,8,7,0,0,0,0,0,0,0,0,0,0,0,0,0]} 1. d4 Nf6 2. c4 e6 3. Nc3 d5 4. Bg5 Be7 5. e3 h6 6. Bxf6 Bxf6 7. Nf3 c6 8. Bd3 Nd7 9. O-O O-O 10. Rc1 dxc4 11. Bxc4 e5 12. d5 {D55: Queen's Gambit Declined: 4 Bg5 Be7: Lines without ...h6 and 6...h6 7 Bxf6} (12. h3 exd4 13. exd4 Nb6 14. Bb3 Re8 15. Re1 Bf5 16. g4 Bg6 17. Rxe8+ Qxe8 18. Qd2 Rd8 19. Re1 Qd7 20. Qf4 Nd5 21. Nxd5 cxd5 22. Ne5 Qd6 23. Nxg6 fxg6 24. Qxd6 Rxd6 {½-½ (31) Erdos,V (2624)-Radjabov,T (2741) Heraklio 2017}) 12... Nb6 13. b3 cxd5 14. Bxd5 {LiveBook: 5 Games} Nxd5 15. Nxd5 Bf5 $146 ({Predecessor:} 15... Be6 16. Nc7 Rc8 17. Nxe6 fxe6 18. Rxc8 Qxc8 19. Qb1 Rd8 {½-½ (60) Girya,O (2446)-Pogonina,N (2484) Novosibirsk 2016}) 16. Nxf6+ gxf6 17. Nd2 Rc8 18. e4 Be6 19. Qe2 Rxc1 20. Rxc1 Qd4 21. Nf1 Rd8 22. h3 Qd3 23. Qxd3 Rxd3 $14 {[%mdl 4096] Endgame KRB-KRN} 24. f3 a5 25. Kf2 a4 26. Ke2 Rd4 27. Nd2 axb3 28. axb3 f5 29. Rc5 f6 30. Rb5 Rd7 31. Rb6 Kf7 32. exf5 Bxf5 33. g4 Bd3+ 34. Ke3 Kg7 35. h4 f5 {[#]} 36. gxf5 $1 Bxf5 37. Ne4 Rc7 (37... Bxe4 $142 38. Kxe4 Rf7) 38. b4 h5 39. Nc5 Bc8 40. Ke4 Rf7 41. b5 Rf4+ 42. Kxe5 Rxf3 (42... Rf5+ $14 43. Kd4 Rxf3) 43. Nxb7 $16 Re3+ 44. Kd6 $2 ({White should try} 44. Kf4 $18 Rb3 45. Nd6) 44... Rh3 $2 {[#]} (44... Re6+ $1 $11 {and Black has nothing to worry.} 45. Kc5 Re1) 45. Nc5 $2 (45. Kc7 $1 $18 {[%cal Rc7c8]} Bxb7 46. Rxb7) 45... Rxh4 $14 46. Rb8 (46. Rc6 $14 Rb4 47. b6 (47. Rxc8 Rxb5 48. Ne6+ Kg6 $11)) 46... Bh3 $1 $11 {The position is equal.} 47. b6 {Threatens to win with b7.} Rb4 48. Ke7 Rb5 49. b7 {And now Rf8 would win.} Bg2 50. Ne6+ Kh7 51. Kf6 {Threatening mate with Ng5+.} Rb6 52. Rd8 Bxb7 53. Rd7+ Kh6 54. Rd8 {Precision: White = 52%, Black = 54%.} 1/2-1/2

[Event "Yingmei Cup CHN-chT 2017"]
[Site "Guangdong"]
[Date "2017.12.02"]
[Round "19"]
[White "Moiseenko, Alexander"]
[Black "Wei, Yi"]
[Result "1/2-1/2"]
[WhiteElo "2674"]
[BlackElo "2740"]
[Annotator "TA"]
[PlyCount "52"]
[EventDate "2017.??.??"]
[EventCountry "CHN"]
[SourceTitle "playchess.com"]
[Source "ChessBase"]
[SourceQuality "1"]

{[%evp 22,52,14,9,22,23,27,21,21,16,12,8,10,13,12,10,9,10,8,11,16,16,10,10,6,7,8,0,0,0,25,0,0]} 1. d4 Nf6 2. c4 e6 3. Nf3 d5 4. Nc3 c5 5. cxd5 Nxd5 6. e4 Nxc3 7. bxc3 cxd4 8. cxd4 Bb4+ 9. Bd2 Bxd2+ 10. Qxd2 O-O 11. Rc1 b6 {D41: Queen's Gambit Declined: Semi-Tarrasch with 5 cxd5} 12. Bd3 {LiveBook: 66 Games} Ba6 13. O-O (13. Bxa6 Nxa6 14. O-O Qe7 15. Qe2 Qb7 16. Ne5 Rac8 17. h4 Nb8 18. Nc4 Qa6 19. Rc2 {½-½ (61) So,W (2788)-Dominguez Perez,L (2739) Saint Louis 2017}) 13... Bxd3 {White has an edge.} 14. Qxd3 Nd7 {[%cal Bb8d7,Bd7f6,Bf6e4][%mdl 32]} 15. h3 $146 ({Predecessor:} 15. e5 a6 16. Rc6 h6 17. Rfc1 Qb8 18. Qe3 Rd8 19. d5 {1-0 (28) Gomez Esteban,J (2495)-Rodriguez Lopez,R (2410) Caceres 1996}) 15... Rc8 16. Qa3 Nf6 17. Rxc8 Qxc8 18. Qxa7 Qc6 19. Rb1 Nxe4 20. Qxb6 Qxb6 21. Rxb6 $11 {[%mdl 4096] Endgame KRN-KRN} Ra8 22. a3 h6 23. Rb3 Rc8 24. Rb1 Ra8 25. Rb3 Rc8 26. Rb1 Ra8 {Precision: White = 61%, Black = 85%.} 1/2-1/2

[Event "Yingmei Cup CHN-chT 2017"]
[Site "Guangdong"]
[Date "2017.12.02"]
[Round "19"]
[White "Zhao, Jun"]
[Black "Peng, Xiongjian"]
[Result "1/2-1/2"]
[WhiteElo "2601"]
[BlackElo "2412"]
[Annotator "TA"]
[PlyCount "80"]
[EventDate "2017.??.??"]
[EventCountry "CHN"]
[SourceTitle "playchess.com"]
[Source "ChessBase"]
[SourceQuality "1"]

{[%evp 11,80,31,37,44,35,16,43,16,45,-2,39,12,34,48,51,41,56,43,51,26,39,0,0,0,0,0,0,0,0,7,12,0,18,18,19,41,45,17,17,22,23,21,23,24,15,14,18,16,15,16,16,5,13,0,5,0,0,0,0,0,0,0,0,0,0,0,0,0,0,0,0]} 1. e4 c5 2. Ne2 d6 3. g3 g6 4. Bg2 Bg7 5. c3 Nc6 6. d4 {B20: Sicilian: Unusual White 2nd moves} Nf6 {LiveBook: 8 Games} 7. dxc5 dxc5 8. Qxd8+ {White is slightly better.} Nxd8 (8... Kxd8 9. Be3 Nd7 10. Na3 a6 11. f4 b5 12. e5 Bb7 13. O-O Kc7 {1-0 (34) Mamedov,R (2637)-Cheparinov,I (2678) Khanty-Mansiysk 2013}) 9. Nf4 $146 ({Predecessor:} 9. Be3 Nd7 10. f4 b6 11. a4 Bb7 12. Nd2 O-O 13. O-O Ne6 {1-0 (37) Filipenko,A (2373)-Musaev,M (2303) Moscow 2008}) 9... Nc6 10. Na3 Rb8 11. O-O O-O 12. Nd5 b6 13. Bf4 Ba6 14. Rfe1 Rbc8 15. Rad1 Rfd8 16. Bh3 {Hoping for b4.} e6 17. Nc7 Rxd1 18. Rxd1 Be2 19. Rd2 Bg4 20. Bxg4 Nxg4 21. Na6 Nge5 {[#] And now ...Nf3+ would win.} 22. Kg2 Kf8 23. Bxe5 Bxe5 24. f4 Bf6 25. e5 Rd8 26. Nc4 Rxd2+ 27. Nxd2 $11 {[%mdl 4096] Endgame KBN-KNN} Bd8 28. Kf3 {The position is equal.} f6 29. Ke4 fxe5 30. fxe5 Ke7 31. b4 cxb4 $1 32. Nxb4 Kd7 33. Nxc6 Kxc6 {KB-KN} 34. Nb3 $1 Be7 35. Nd4+ Kd7 36. a4 a6 37. Nf3 Kc6 38. Nd4+ Kd7 39. Nf3 Kc6 40. Nd4+ Kd7 {Precision: White = 58%, Black = 76%.} 1/2-1/2

[Event "Yingmei Cup CHN-chT 2017"]
[Site "Guangdong"]
[Date "2017.12.02"]
[Round "19"]
[White "Wen, Yang"]
[Black "Zhao, Zong-Yuan"]
[Result "1/2-1/2"]
[WhiteElo "2600"]
[BlackElo "2543"]
[Annotator "TA"]
[PlyCount "60"]
[EventDate "2017.??.??"]
[EventCountry "CHN"]
[SourceTitle "playchess.com"]
[Source "ChessBase"]
[SourceQuality "1"]

{[%evp 20,60,14,16,41,41,43,18,22,16,21,11,20,23,11,0,19,7,29,21,43,3,2,0,0,-39,25,20,22,18,26,15,34,9,8,0,0,0,0,0,0,0,0]} 1. e4 e5 2. Nf3 Nc6 3. Bb5 a6 4. Ba4 Nf6 5. O-O Be7 6. d3 b5 7. Bb3 d6 8. a3 O-O 9. Nc3 Na5 {C77: Ruy Lopez: 3...a6 4 Ba4 Nf6, unusual lines} 10. Ba2 Be6 11. b4 {LiveBook: 29 Games} Nb7 $146 ({Predecessor:} 11... Bxa2 12. Rxa2 Nc6 13. Bg5 Nd7 14. Bd2 Nf6 15. Re1 Qd7 16. Nd5 Nxd5 17. exd5 {½-½ (46) Vachier Lagrave,M (2796)-Aronian,L (2801) Palma de Mallorca 2017}) 12. Bxe6 fxe6 13. Ne2 a5 14. Bd2 Qd7 15. Ng3 c5 16. c3 Rfc8 17. Re1 Bd8 18. h3 h6 19. Be3 Bb6 20. Re2 Ra6 21. Rb1 cxb4 22. Bxb6 {[#] Be3 is the strong threat.} Rxb6 (22... bxa3 $15 23. Be3 Rxc3) 23. cxb4 $11 axb4 24. axb4 Nd8 25. d4 Nf7 26. dxe5 Nxe5 {The position is equal.} 27. Nxe5 dxe5 28. Rd2 Qe7 29. Nh5 Rbc6 30. Nxf6+ Qxf6 {Precision: White = 58%, Black = 58%.} 1/2-1/2

[Event "Yingmei Cup CHN-chT 2017"]
[Site "Guangdong"]
[Date "2017.12.02"]
[Round "19"]
[White "Muzychuk, Anna"]
[Black "Ding, Yixin"]
[Result "1/2-1/2"]
[WhiteElo "2582"]
[BlackElo "2421"]
[Annotator "TA"]
[PlyCount "63"]
[EventDate "2017.??.??"]
[EventCountry "CHN"]
[SourceTitle "playchess.com"]
[Source "ChessBase"]
[SourceQuality "1"]

{[%evp 19,63,22,21,17,57,50,69,41,43,25,44,7,7,0,17,14,15,-21,28,36,42,0,0,0,5,5,7,0,0,0,8,8,18,15,15,5,5,5,5,5,5,5,6,0,0,0]} 1. e4 c5 2. Nf3 g6 3. c3 Bg7 4. d4 cxd4 5. cxd4 d5 6. e5 Bg4 7. Bb5+ {B27: Sicilian: 2 Nf3, unusual Black 2nd moves} Nd7 8. O-O a6 9. Bd3 e6 10. Nbd2 Ne7 {LiveBook: 3 Games} 11. h3 Bxf3 12. Nxf3 O-O 13. Be3 (13. h4 f6 14. exf6 Bxf6 {1-0 (37) Andreikin,D (2736)-Savchenko,B (2613) Sochi 2016}) 13... Nc6 14. Qd2 Qa5 15. a3 $146 Qxd2 16. Nxd2 Rfc8 17. Rfc1 f6 18. f4 Bh6 {[%cal Rf6e5]} (18... g5 $5 {[%cal Rg5f4]} 19. f5 (19. fxg5 fxe5 20. dxe5 Ndxe5 $15) 19... fxe5 $11) 19. exf6 Nxf6 20. g4 Nd7 {The position is equal.} 21. Nb3 e5 22. dxe5 Ncxe5 23. Rxc8+ Rxc8 24. Rd1 Nxd3 25. Rxd3 Rc2 26. Rxd5 Rxb2 27. Nd4 Nb6 28. Rd8+ Kf7 29. Nf3 {Hoping for Rh8.} Nc4 30. Rd7+ Kg8 31. Rd8+ Kf7 32. Rd7+ {Precision: White = 51%, Black = 48%.} 1/2-1/2